[Event "ARG-ch sf"]
[Site "Vicente Lopez"]
[Date "2016.06.29"]
[Round "6"]
[White "Lo Presti, Roberto"]
[Black "Maucci, Marcelo"]
[Result "1-0"]
[WhiteElo "1915"]
[BlackElo "1859"]
[PlyCount "47"]
[EventDate "2016.06.25"]
[EventType "swiss"]
[EventRounds "9"]
[EventCountry "ARG"]
[SourceTitle "CBM 173 Extra"]
[Source "ChessBase"]
[SourceDate "2016.08.29"]
[SourceVersion "1"]
[SourceVersionDate "2016.08.29"]
[SourceQuality "1"]

1. e4 c5 2. Nf3 Nf6 3. e5 Nd5 4. c4 Nc7 5. d4 cxd4 6. Nxd4 Nc6 7. f4 d6 8. Nxc6 bxc6 9. exd6 exd6 10. Be2 Be7 11. Bf3 d5 12. Nc3 Bb7 13. cxd5 cxd5 14. Qa4+ Kf8 15. Be3 Bh4+ 16. g3 Qe7 17. Kf2 Bf6 18. Rhe1 Qd8 19. Qb4+ Kg8 20. Qxb7 d4 21. Rad1 dxe3+ 22. Rxe3 Bd4 23. Kg2 h6 24. Red3 1-0

[Event "ARG-ch sf"]
[Site "Vicente Lopez"]
[Date "2016.06.28"]
[Round "5"]
[White "Maucci, Marcelo"]
[Black "Aguero Arce, Matias"]
[Result "0-1"]
[WhiteElo "1859"]
[BlackElo "2041"]
[PlyCount "52"]
[EventDate "2016.06.25"]
[EventType "swiss"]
[EventRounds "9"]
[EventCountry "ARG"]
[SourceTitle "CBM 173 Extra"]
[Source "ChessBase"]
[SourceDate "2016.08.29"]
[SourceVersion "1"]
[SourceVersionDate "2016.08.29"]
[SourceQuality "1"]

1. e4 c5 2. Nf3 e6 3. d4 cxd4 4. Nxd4 a6 5. Bd3 Bc5 6. Nb3 Ba7 7. Qe2 d6 8. Be3 Nf6 9. Bxa7 Rxa7 10. Nc3 b5 11. a3 Nc6 12. f4 Qb6 13. Qf2 Qxf2+ 14. Kxf2 e5 15. f5 g6 16. h3 Ne7 17. g4 g5 18. Rhe1 h5 19. Kg3 Rc7 20. Rad1 Bb7 21. Na5 Ba8 22. a4 b4 23. Na2 hxg4 24. hxg4 Rh4 25. Nc4 Rxg4+ 26. Kf3 Nxf5 0-1

[Event "ARG-ch sf"]
[Site "Vicente Lopez"]
[Date "2016.06.26"]
[Round "3"]
[White "Maucci, Marcelo"]
[Black "Schuster, Carlos"]
[Result "1/2-1/2"]
[WhiteElo "1859"]
[BlackElo "2265"]
[PlyCount "55"]
[EventDate "2016.06.25"]
[EventType "swiss"]
[EventRounds "9"]
[EventCountry "ARG"]
[SourceTitle "CBM 173 Extra"]
[Source "ChessBase"]
[SourceDate "2016.08.29"]
[SourceVersion "1"]
[SourceVersionDate "2016.08.29"]
[SourceQuality "1"]

1. e4 c5 2. Nf3 d6 3. d4 cxd4 4. Nxd4 Nf6 5. Nc3 Nc6 6. Bg5 e6 7. Qd2 Be7 8. 0-0-0 a6 9. f4 Qa5 10. Nb3 Qc7 11. Kb1 b5 12. e5 dxe5 13. fxe5 Nd5 14. Nxd5 exd5 15. Bxe7 Nxe7 16. Qd4 Be6 17. Bd3 0-0 18. Rhe1 Rfc8 19. Qh4 Nf5 20. Qf4 g6 21. g4 Ng7 22. Nd4 Qe7 23. Qg3 Kh8 24. Rh1 Rg8 25. Rdf1 Raf8 26. Rf2 b4 27. Rhf1 a5 28. Rf6 1/2-1/2

[Event "Villa Martelli Pro Am op 15th"]
[Site "Villa Martelli"]
[Date "2008.10.18"]
[Round "9.17"]
[White "Zuriel, Marisa"]
[Black "Maucci, Marcelo"]
[Result "1-0"]
[WhiteElo "2189"]
[BlackElo "1959"]
[PlyCount "77"]
[EventDate "2008.10.10"]
[EventType "swiss"]
[EventRounds "9"]
[EventCountry "ARG"]
[SourceTitle "EXT 2019"]
[Source "ChessBase"]
[SourceDate "2018.10.10"]
[SourceVersion "1"]
[SourceVersionDate "2018.10.10"]
[SourceQuality "1"]

1. e4 c5 2. Nf3 Nf6 3. e5 Nd5 4. Nc3 Nxc3 5. dxc3 Nc6 6. Bf4 Qc7 7. Qd2 e6 8. c4 b6 9. Bd3 Bb7 10. 0-0 h6 11. Qe3 0-0-0 12. c3 d6 13. Rad1 dxe5 14. Nxe5 Nxe5 15. Bxe5 Bd6 16. Bxd6 Rxd6 17. Be4 Rhd8 18. Rxd6 Rxd6 19. Bxb7+ Kxb7 20. Re1 Qd7 21. h3 Rd2 22. b4 cxb4 23. cxb4 Rxa2 24. Qf3+ Kb8 25. Qg3+ Qc7 26. Qxg7 Rc2 27. c5 Qf4 28. Qf8+ Kb7 29. Qe7+ Kb8 30. Rf1 Rc4 31. Rd1 Rc1 32. Qd8+ Kb7 33. Qd7+ Kb8 34. c6 Rxd1+ 35. Qxd1 Qc7 36. b5 Qe7 37. Qg4 Qf6 38. Qg8+ Kc7 39. Qe8 1-0